000
00277nam a2200109Ia 4500
008
231212s1979 xx 000 0 und d
041
_a
eng
082
_a
621.3817
100
_a
Millman Jacob
245
_a
Micro Electronics Asian
260
_a
New Delhi
_b
International Book
_c
1979
999
_c
958908
_d
958908